000 00337nam a2200145Ia 4500
008 230718s9999 xx 000 0 und d
041 _aEng.
082 _a346.02
_bKAM-A
100 _aKamal, Asmat Kchan
245 0 _aAqua tae Controa
260 _aPakistan
_bLaw Book Published
_c2005
300 _a287
650 _aLaw
999 _c29416
_d29416